000 00470nam a2200181Ia 4500
001 17471
005 20260306171520.0
008 260306s9999||||xx |||||||||||||| ||und||
041 _aESP
082 _a658
_bI416
100 _aIborra Juan, María
_eAUT
245 0 _aFundamentos de dirección de empresas:
_bconceptos y habilidades directivas
260 _c2014
300 _a593 páginas :
_c26 cm.
650 _aGEN
654 _aCAN
942 _cLIB
_dJUS
_fJUS
_2ddc
_n
999 _c17471
_d17471